| 000 | 00644cam a2200241 a 4500 | ||
|---|---|---|---|
| 001 | 515218 | ||
| 005 | 20180814045721.0 | ||
| 008 | 860116s1987 caua b 001 0 eng c | ||
| 010 | _a 86001818 | ||
| 020 | _a0803927509 | ||
| 020 | _a0803927517 (pbk.) | ||
| 040 |
_aDNLM/DLC _cDLC _dDLC |
||
| 041 | _aeng | ||
| 060 |
_aW1 DE997NC v. 9 _aWS 350.6 K23c |
||
| 080 | _a618.928 | ||
| 082 | 0 | 0 |
_a618.928 _219 |
| 100 | 1 | _a48 | |
| 101 | _aPSI | ||
| 245 | 1 | 0 |
_aConduct disorders in childhood and adolescence / _cAlan E. Kazdin. |
| 504 | _aBibliography: p. 136-150. | ||
| 906 |
_a7 _bcbc _corignew _d1 _eocip _f19 _gy-gencatlg |
||
| 942 |
_2ddc _cBK |
||
| 999 |
_c47095 _d47095 |
||